All CANON Sonic Characters - Statistics

General Stats
  • This quiz has been taken 146 times
    102 since last reset
  • The average score is 46 of 72
Answer Stats
Hint Answer % Correct
BRONZE Knuckles The Echidna
97%
Fast! Sonic The Hedghog
97%
Smart Tails The Fox
96%
Classic Fat Genius Classic Eggman/Dr Robotnik
93%
Edgy The Hedgey Shadow The Hedgehog
93%
Metal Fast Metal Sonic
86%
Fat Genius Eggman
85%
White Hedgehog Silver The Hedgehog
85%
Froggy Big The Cat
84%
Princess Blaze The Cat
84%
Hey Big Blue~ Rouge The Bat
84%
Sweet Child Cream The Rabbit
82%
Music Vector The Crocodile
81%
Pink Amy Rose
79%
Bee Charmy The Bee
79%
Team Dark E-123 Omega
78%
God Of Destruction Chaos
77%
Classic Fast! Classic Sonic
77%
Ninja Espio The Chameleon
77%
Green Hawk Jet The Hawk
77%
Might Mighty The Armadillo
77%
Mania Yellow Ray The Flying Squirrel
77%
Red Orb Orbot
74%
Classic BRONZE Classic Knuckles
73%
Classic Smart! Classic Tails
73%
Yellow Cube Cubot
73%
Big Froggy
73%
Swallow Wave The Swallow
73%
Zeti #1 Zavok
73%
Chao Food Cheese
70%
Albatross Storm The Albatross
70%
Sweet Mother Vanilla The Rabbit
70%
Classic Pink Classic Amy Rose
68%
Many Aliases. Fang The Hunter
68%
Metal BRONZE Metal Knuckles
68%
lesbian Tangle The Lemur
68%
Ancient Girl Tikal The Echidna
68%
Classic Metal Fast! Classic Metal Sonic!
67%
Doll Smart Tails Doll
67%
lesbian with trauma Whisper The Wolf
67%
Before Gemerl Emerl
66%
Zeti #4 Zazz
63%
Zeti #3 Zeena
63%
Dynamite Bean The Dynamite
62%
Polar Bear Bark The Polar Bear
60%
Chao Chocolate Chocola
60%
Flicky E-102 Gamma
60%
Small AI Daughter Sage
60%
The Dark. Mephiles The Dark
59%
Cream's Robot Gemerl
58%
EdgeMASTER Infinite The Jackal
56%
Dead Trauma #1 Maria Robotnik
55%
Electricity Surge The Tenrec
53%
Fighter Cat Honey The Cat
49%
Bossy sheep Lanolin The Sheep
49%
Echidna Tribe Leader Pachacamac
49%
Zeti #2 Zik
48%
Mr Tinker's Creation Belle The Badnik
47%
Water Kitsunami The Fennec
45%
Crazy Sticks The Badger
45%
Zeti #5 Zor
45%
Dead Platypus Dr. Starline
44%
Zeti #6 Zomom
42%
Dead Trauma #2 Gerald Robotnik
41%
Eggman's Son Eggman Negative
40%
Shapeshifter Mimic The Octopus
40%
Little Australian Marine The Racoon
38%
Alternate Metal Sonic Metal Sonic 3.0
22%
Mecha 2 Mecha Sonic MK II
19%
Stone Dr. Stone
18%
Mecha 1 Mecha Sonic MK I
18%
Defect D-fekt
7%
No matching quizzes found
Score Distribution
Percent of People with Each Score
Percentile by Number Answered
Your Score History
You have not taken this quiz since the last reset